Sports Quiz

Random Sports or State Quiz

Oklahoma and Florida State Heisman winners Quiz Stats

 Plays Quiz not verified by Sporcle

Challenge
Share
Tweet
Embed
Score 0/7 Timer 03:00
0 Plays Today
Year Heisman winner % Correct
2008Sam Bradford
92.4%
2003Jason White
73.6%
2000Chris Weinke
68.9%
1993Charlie Ward
64.9%
1978Billy Sims
43.7%
1969Steve Owens
22.6%
1952Billy Vessels
18.7%

You're not logged in!

Compare scores with friends on all Sporcle quizzes.
OR
Log In

You Might Also Like...

Show Comments

Extras

Top Quizzes Today


Score Distribution

Your Account Isn't Verified!

In order to create a playlist on Sporcle, you need to verify the email address you used during registration. Go to your Sporcle Settings to finish the process.

Report this User

Report this user for behavior that violates our Community Guidelines.

Details: